|
|
|
|
| LEADER |
00933nam a2200229 a 4500 |
| 001 |
3905867 |
| 008 |
110720s1992 caua b 001 0 eng d |
| 010 |
|
|
|a 91023080
|
| 020 |
|
|
|a 1558512144
|
| 020 |
|
|
|a 1558512160 (Book disk set)
|
| 040 |
|
|
|a DLC
|c DLC
|d DLC
|c BD-DhAAL
|
| 082 |
0 |
0 |
|a 005.74/6
|2 20
|
| 100 |
1 |
|
|a Nelson, Mark,
|d 1958-
|
| 245 |
1 |
4 |
|a The data compression book :
|b featuring fast, efficient data compression techniques in C /
|c Mark Nelson.
|
| 260 |
|
|
|a Redwood City, CA :
|b M&T Books,
|c c1992.
|
| 300 |
|
|
|a 527 p. :
|b ill. ;
|c 24 cm.
|
| 504 |
|
|
|a Includes bibliographical references (p. 517-518) and index.
|
| 541 |
1 |
|
|e 00010299
|
| 650 |
|
0 |
|a Data compression (Computer science)
|
| 852 |
4 |
|
|a Ayesha Abed Library
|c General shelf
|
| 999 |
|
|
|c 11116
|d 11116
|
| 952 |
|
|
|0 0
|1 0
|4 0
|6 005_746000000000000_NEL
|7 0
|9 17553
|a BRACUL
|b BRACUL
|c GEN
|d 2011-07-21
|l 2
|m 12
|o 005.746 NEL
|p 3010010299
|r 2019-11-04
|s 2019-09-15
|t 1
|w 2011-07-21
|y BK
|x Available
|